000 01469nam0a2200337 i 4500
001 RU\NLR\bibl\2031602
005 20241103101355.0
010 _a9785982300539
_bДиалект
010 _a978-5-9518-0441-9
_bБИНОМ
_91500
021 _aRU
_b2013-29506
_92028
035 _a(NLR Aleph) 002019450
090 _a4497450
_c4497450
100 _a20130508d2013 u y0rusy50 ca
101 1 _arus
_ceng
102 _aRU
105 _aa |||||||||
200 1 _aАтлас косметической дерматологии
_fМ.Р. Аврам, С. Цзао, З. Танноус, М.М. Аврам
_gпер. с англ.: [к.м.н. Е.К. Вишневская]
_gпод ред. проф., д.м.н., Н.Н. Потекаева
210 _aМосква
_cБИНОМ
_aСанкт-Петербург
_cДиалект
_d2013
215 _a294 с.
_cцв. ил.
_d29
300 _aЗагл. ориг.: Color atlas of cosmetic dermatology
320 _aБиблиогр. в конуе разделов
454 0 _12001#$aColor atlas of cosmetic dermatology
_tColor atlas of cosmetic dermatology
606 _aКосметическая дерматология
_jАтласы
_92289951
_3RU\NLR\auth\661371494
686 _aР60-5я61
702 1 _aПотекаев
_bН. Н.
_gНиколай Николаевич
_4340
801 0 _aRU
_bNLR
_c20130508
_gRCR
801 1 _aRU
_bNLR
_c20130508
830 _aред. по ЭК
942 _cBOOK
980 _aNBR